Villes africaines carte quiz - Statistiques

Statistiques générales
  • Ce quiz a été pris 286 fois
  • Le résultat moyen est 22 sur 28
Réponses sur la Carte
Les réponses sont colorées sur une échelle allant du rouge au vert en fonction du pourcentage des utilisateurs qui les ont devinées à leur premier essai. Vous pouvez retrouver ces pourcentages ci-dessous.
 
Statistiques - réponses
Réponse % Correct
Le Caire
96%
Alger
94%
Tunis
92%
Casablanca
91%
Johannesbourg
89%
Tripoli
89%
Le Cap
88%
Dakar
86%
Antananarivo
85%
Khartoum
84%
Kinshasa
83%
Addis Abeba
82%
Abidjan
81%
Djibouti
81%
Louxor
78%
Lagos
76%
Luanda
76%
N'Djamena
76%
Tombouctou
76%
Mogadiscio
74%
Nairobi
71%
Dar es Salam
68%
Kampala
67%
Abuja
66%
Monrovia
65%
Niamey
65%
Lusaka
61%
Mombasa
52%
Aucun quiz correspondant
Distribution des résultats
% des personnes avec chaque résultat
Percentile par nombre de réponses
Votre historique - résultats
Vous n’avez pas pris ce quiz